000 00723cam a22002531 4500
001 ne 68000746
003 DLC
005 20260227111839.0
008 900831s1966 ua 000 0 arar
010 _ane 68000746
025 _aPL480:UAR-8805
035 _a(OCoLC)22302767
040 _aDLC
_cWaU
_dWaU
_dDLC
042 _apremarc
043 _aa-is---
_ad------
050 0 0 _aDS119.6
_b.H33
100 1 _aḤakīm, Sāmī.
245 1 0 _aIsrāʼīl wa-al-duwal al-nāmiyah
_c[taʼlīf] Sāmī Ḥakīm.
250 _a[al-Ṭabʻah 1]
260 _aal-Qāhirah,
_bMaktabat al-Anjlū al-Miṣrīyah
_c[1966]
300 _a236 p.
_c24 cm.
651 0 _aIsrael
_xForeign relations.
651 0 _aDeveloping countries.
999 _c50146
_d50146